| 000 | 00400nam a2200145Ia 4500 | ||
|---|---|---|---|
| 008 | 191201s2005 xx 000 0 und d | ||
| 082 |
_a005.133 _bGOS |
||
| 100 | _aGOTTFRIED, Byron S | ||
| 245 | 0 | _aSchaum's Outline of Theory and Problems of Programming with C | |
| 250 | _a2nd | ||
| 260 |
_aN.Delhi _bTata Mc Graw Hill Pub. Co. Ltd _c2005 |
||
| 300 | _a532 | ||
| 650 | _aB.Tech(CSE) | ||
| 942 |
_2ddc _cBK |
||
| 999 |
_c969 _d969 |
||